书目信息 |
| 题名: |
工业企业经营决策与计划
|
|
| 作者: | ;中国人民大学工业经济系工业企业管理教研室 编 | |
| 分册: | ||
| 出版信息: | 北京 中国人民大学出版社 1984.08 |
|
| 页数: | 212页 | |
| 开本: | 20cm | |
| 丛书名: | 中国工业企业管理学 | |
| 单 册: | ||
| 中图分类: | F406.2 | |
| 科图分类: | ||
| 主题词: | 工业经济--经济理论 | |
| 电子资源: | ||
| ISBN: | ||
| 000 | 00851nam0 2200217 450 | |
| 001 | 0634840875 | |
| 005 | 20060810111732.09 | |
| 010 | @dCNY0.95 | |
| 100 | @a20060809d1984 km y0chiy0120 ea | |
| 101 | 0 | @achi |
| 102 | @aCN@b110000 | |
| 200 | 1 | @a工业企业经营决策与计划@Agong ye qi ye jing ying jue ce yu ji hua@f中国人民大学工业经济系工业企业管理教研室编@Fzhong guo ren min da xue gong ye jing ji xi gong ye qi ye guan li jiao yan shi bian |
| 210 | @a北京@c中国人民大学出版社@d1984.08 | |
| 215 | @a212页@d20cm | |
| 225 | 2 | @a中国工业企业管理学@h第二分册 |
| 410 | 0 | @12001 @a中国工业企业管理学 |
| 606 | 0 | @a工业经济@x经济理论 |
| 690 | @aF406.2@v3 | |
| 711 | 0 | @a中国人民大学工业经济系工业企业管理教研室@Azhong guo ren min da xue gong ye jing ji xi gong ye qi ye guan li jiao yan shi@4编 |
| 801 | 0 | @aCN@bPFT@c20060810 |
| 905 | @a10447@dF406.2@e105:2 | |
| 工业企业经营决策与计划/中国人民大学工业经济系工业企业管理教研室编.-北京:中国人民大学出版社,1984.08 |
| 212页;20cm.-(中国工业企业管理学.第二分册) |
| ISBN :CNY0.95 |
| ● |
| 相关链接 |
|
|
|
|
正题名:工业企业经营决策与计划
索取号:F406.2/105:2
 
预约/预借
| 序号 | 登录号 | 条形码 | 馆藏地/架位号 | 状态 | 备注 |
| 1 | 0447874 | 204478742 | 密集书库/ [索取号:F406.2/105:2] | 在馆 | |
| 2 | 0447875 | 204478751 | 密集书库/ [索取号:F406.2/105:2] | 在馆 | |
| 3 | 0447876 | 204478760 | 密集书库/ [索取号:F406.2/105:2] | 在馆 | |
| 4 | 0447877 | 204478779 | 密集书库/ [索取号:F406.2/105:2] | 在馆 | |
| 5 | 0447878 | 204478788 | 密集书库/ [索取号:F406.2/105:2] | 在馆 | |
| 6 | 0448230 | 204482309 | 密集书库/ [索取号:F406.2/105:2] | 在馆 | |
| 7 | 0448231 | 204482318 | 密集书库/ [索取号:F406.2/105:2] | 在馆 | |
| 8 | 0448418 | 204484183 | 密集书库/ [索取号:F406.2/105:2] | 在馆 | |
| 9 | 0449955 | 204499550 | 密集书库/ [索取号:F406.2/105:2] | 在馆 |